Manasu mandara (Record no. 134557)

MARC details
000 -LEADER
fixed length control field 00625nam a2200229Ia 4500
003 - CONTROL NUMBER IDENTIFIER
control field OSt
005 - DATE AND TIME OF LATEST TRANSACTION
control field 20251117100011.0
008 - FIXED-LENGTH DATA ELEMENTS--GENERAL INFORMATION
fixed length control field 210210b2006 xxu||||| |||| 00| 0 eng d
040 ## - CATALOGING SOURCE
Transcribing agency AL
041 ## - LANGUAGE CODE
Language code of text/sound track or separate title Kannada
082 ## - DEWEY DECIMAL CLASSIFICATION NUMBER
Classification number K894.3 PADM
100 ## - MAIN ENTRY--PERSONAL NAME
Personal name PADMA GURURAJ
Dates associated with a name ಪದ್ಮಾ ಗುರುರಾಜ್‌
9 (RLIN) 245792
245 ## - TITLE STATEMENT
Title Manasu mandara
Remainder of title ಮನಸು ಮಂದಾರ
260 ## - PUBLICATION, DISTRIBUTION, ETC.
Place of publication, distribution, etc. Bengaluru
Name of publisher, distributor, etc. Akshaya Prakashana
Date of publication, distribution, etc. 2006
300 ## - PHYSICAL DESCRIPTION
Extent 115
650 ## - SUBJECT ADDED ENTRY--TOPICAL TERM
Topical term or geographic name entry element mandara
9 (RLIN) 245793
650 ## - SUBJECT ADDED ENTRY--TOPICAL TERM
Topical term or geographic name entry element Manasu
9 (RLIN) 245794
650 ## - SUBJECT ADDED ENTRY--TOPICAL TERM
Topical term or geographic name entry element Kadambari
9 (RLIN) 245795
690 ## - LOCAL SUBJECT ADDED ENTRY--TOPICAL TERM (OCLC, RLIN)
Topical term or geographic name as entry element Kannada Fiction
9 (RLIN) 245796
906 ## - LOCAL DATA ELEMENT F, LDF (RLIN)
a 063143
942 ## - ADDED ENTRY ELEMENTS (KOHA)
Source of classification or shelving scheme Dewey Decimal Classification
Koha item type Book
Holdings
Withdrawn status Lost status Source of classification or shelving scheme Damaged status Not for loan Collection code Home library Current library Shelving location Date acquired Source of acquisition Cost, normal purchase price Total Checkouts Full call number Barcode Date last seen Date last checked out Price effective from Koha item type
    Dewey Decimal Classification     Kannada St Aloysius Library St Aloysius Library   02/17/2021 Athree Book Centre,Mangalore 60.00 1 K894.3 PADM 063143 04/18/2026 04/09/2026 02/17/2021 Book